000 00783nam a2200229Ia 4500
003 GCL
005 20240530103414.0
008 140319s9999 xx 000 0 ara d
020 _a9771002651
040 _aGCL /
_cGCL
082 0 4 _a953.07393
_bق/و ق
100 1 _aوفاء محمد على
245 1 0 _aقيام الدولة الايوبية فى مصر والشام /
_cوفاء محمد على
250 _aط1
260 _aالقاهرة :
_bدار الفكر العربى ،
_c1988
300 _a192 ص ؛
_c24 سم
650 0 4 _aالتاريخ الاسلامى
650 0 4 _aالحروب الصليبية فى مصر
650 0 4 _aالدولة الايوبية
650 0 4 _aمصر - تاريخ - العصر الايوبى ( 1171-1250 م )
942 _2ddc
_cBK
999 _c39118
_d39118